<?xml version="1.0" encoding="UTF-8"?>
<record
    xmlns:xsi="http://www.w3.org/2001/XMLSchema-instance"
    xsi:schemaLocation="http://www.loc.gov/MARC21/slim http://www.loc.gov/standards/marcxml/schema/MARC21slim.xsd"
    xmlns="http://www.loc.gov/MARC21/slim">

  <leader>00954    a2200241   4500</leader>
  <controlfield tag="005">20081010141724.0</controlfield>
  <controlfield tag="008">081010t        xxu||||| |||| 00| 0 ur d</controlfield>
  <datafield tag="010" ind1=" " ind2=" ">
    <subfield code="a">UR-7270</subfield>
  </datafield>
  <datafield tag="020" ind1=" " ind2=" ">
    <subfield code="c">300.00</subfield>
  </datafield>
  <datafield tag="035" ind1=" " ind2=" ">
    <subfield code="a">U-5823</subfield>
  </datafield>
  <datafield tag="037" ind1=" " ind2=" ">
    <subfield code="b">D.B.Act/pub</subfield>
  </datafield>
  <datafield tag="082" ind1=" " ind2=" ">
    <subfield code="a">842</subfield>
  </datafield>
  <datafield tag="100" ind1=" " ind2=" ">
    <subfield code="a">&#x645;&#x639;&#x632; &#x627;&#x62F; &#x64A;&#x646; &#x627;&#x62D;&#x645;&#x62F; &#x641;&#x627; &#x631;&#x648;&#x642;</subfield>
  </datafield>
  <datafield tag="245" ind1=" " ind2=" ">
    <subfield code="a">&#x627;&#x631;&#x62F;&#x648; &#x67E;&#x644;&#x6D2;</subfield>
    <subfield code="c">&#x645;&#x639;&#x632;  &#x627;&#x644;&#x62F; &#x64A;&#x646; &#x627;&#x62D;&#x645;&#x62F; &#x641;&#x627;&#x631;&#x648;&#x642;</subfield>
  </datafield>
  <datafield tag="246" ind1=" " ind2=" ">
    <subfield code="a">Urdu Play</subfield>
    <subfield code="b">by Mauz Uddin Ahmad Farooq</subfield>
  </datafield>
  <datafield tag="260" ind1=" " ind2=" ">
    <subfield code="a">&#x646;&#x627; &#x6AF;&#x67E;&#x648;&#x631;</subfield>
    <subfield code="b">&#x645;&#x639;&#x632; &#x627;&#x644;&#x62F;&#x64A;&#x646; &#x627;&#x62D;&#x645;&#x62F;&#x641;&#x627;&#x631;&#x648;&#x642;</subfield>
    <subfield code="c">2006</subfield>
  </datafield>
  <datafield tag="270" ind1=" " ind2=" ">
    <subfield code="e">440001</subfield>
    <subfield code="a">83&#x60C;&#x679;&#x627; &#x621;&#x64A;&#x6AF;&#x648;&#x631; &#x631;&#x648;&#x688; &#x633;&#x648;&#x644; &#x644;&#x627; &#x621;&#x646; &#x646;&#x627; &#x6AF;&#x67E;&#x648; &#x631;</subfield>
    <subfield code="b">&#x646;&#x627; &#x6AF;&#x67E;&#x648;&#x631;</subfield>
  </datafield>
  <datafield tag="300" ind1=" " ind2=" ">
    <subfield code="a">620&#x635;</subfield>
    <subfield code="c">22&#x633;&#x64A;&#x646;&#x679;&#x6CC; &#x645;&#x64A;&#x679;&#x631; (&#x633;&#x6C1; &#x62C;&#x644;&#x62F;)</subfield>
  </datafield>
  <datafield tag="650" ind1=" " ind2=" ">
    <subfield code="a">&#x688;&#x631;&#x627;&#x645;&#x6C1;</subfield>
  </datafield>
  <datafield tag="700" ind1=" " ind2=" ">
    <subfield code="a">&#x633;&#x64A;&#x62F; &#x645;&#x639;&#x632; &#x627;&#x644;&#x62F; &#x64A;&#x646; &#x627;&#x62D;&#x645;&#x62F; &#x641;&#x627; &#x631;&#x648;&#x642;</subfield>
  </datafield>
  <datafield tag="942" ind1=" " ind2=" ">
    <subfield code="a">dpl</subfield>
    <subfield code="c">UR</subfield>
    <subfield code="2">ddc</subfield>
    <subfield code="h">842</subfield>
    <subfield code="m">&#x645;&#x639;&#x632;</subfield>
  </datafield>
  <datafield tag="999" ind1=" " ind2=" ">
    <subfield code="c">1494</subfield>
    <subfield code="d">1494</subfield>
  </datafield>
  <datafield tag="952" ind1=" " ind2=" ">
    <subfield code="0">0</subfield>
    <subfield code="1">0</subfield>
    <subfield code="2">ddc</subfield>
    <subfield code="4">0</subfield>
    <subfield code="7">1</subfield>
    <subfield code="8">NFIC</subfield>
    <subfield code="a">DBAD</subfield>
    <subfield code="b">DBAD</subfield>
    <subfield code="d">2008-10-10</subfield>
    <subfield code="g">300.00</subfield>
    <subfield code="l">0</subfield>
    <subfield code="o">842 &#x645;&#x639;&#x632;</subfield>
    <subfield code="p">U-5823</subfield>
    <subfield code="r">2008-09-15 00:00:00</subfield>
    <subfield code="t">1</subfield>
    <subfield code="u">1571</subfield>
    <subfield code="v">300.00</subfield>
    <subfield code="w">2008-09-15</subfield>
    <subfield code="y">UR</subfield>
  </datafield>
</record>
